Papa's Freezeria Ingredients - Statistics

General Stats
  • This quiz has been taken 19 times
  • The average score is 10 of 146
Answer Stats
Hint Answer % Correct
Topping Cherry
77%
Syrup Chocolate Syrup
69%
Mixable Blueberries
62%
Whipped Cream Whipped Cream
62%
Topping Banana
46%
Shaker Sprinkles
46%
Mixable Strawberries
46%
Shaker Chocolate Chips
38%
Topping Cookie
38%
Mixable Pineapple
38%
Syrup Strawberry Syrup
38%
Syrup Vanilla Syrup
38%
Mixable Marshmallows
31%
Mixable Cookie Dough
23%
Topping Creameo
23%
Shaker Peanuts
23%
Mixable Yum n' Ms
23%
Syrup Banana Syrup
15%
Mixable Blackberries
15%
Mixable Creameo Bits
15%
Syrup Mint Syrup
15%
Mixable (Christmas) Peppermints
15%
Mixable (Portallini Feast) Tiramisu
15%
Sauce Topping Blueberry Topping
8%
Syrup Blue Moon Syrup
8%
Sauce Topping (Thanksgiving) Candy Corn Topping
8%
Sauce Topping Chocolate Topping
8%
Sauce Topping (Big Top Carnival) Creameo Topping
8%
Sauce Topping (New Year) Flavor X Topping
8%
Topping Gummy Onion
8%
Topping (New Year) Gummy Worm
8%
Syrup (Maple Mornings) Honey Syrup
8%
Whipped Cream (St. Paddy's Day) Irish Cream
8%
Shaker (Easter) Jelly Beans
8%
Mixable Kiwi
8%
Mixable (Volcano Gala) Lava Cake
8%
Whipped Cream Lemon Chiffon
8%
Shaker (St. Paddy's Day) Lucky Sevens
8%
Mixable Nutty Butter Cups
8%
Mixable Peaches
8%
Topping (Portallini Feast) Pizzelle
8%
Shaker Pomegranate
8%
Whipped Cream (Starlight Jubilee) Rocket Whip
8%
Mixable S'mores
8%
Shaker (Starlight Jubilee) Star Sprinkles
8%
Sauce Topping Strawberry Topping
8%
Syrup (New Year) Tutti Frutti Syrup
8%
Shaker (Valentine's Day) X and O Sprinkles
8%
Mixable (Valentine's Day) Alexandertorte
0%
Topping (Starlight Jubilee) Almond Snap Cookie
0%
Sauce Topping (Portallini Feast) Amarena Topping
0%
Mixable (Big Top Carnival) Animal Crackers
0%
Shaker (Thanksgiving) Autumn Leaves
0%
Sauce Topping Birch Beer Topping
0%
Mixable Birthday Cake
0%
Sauce Topping (Halloween) Black Mist Topping
0%
Topping Blondie
0%
Sauce Topping (Easter) Blue Nimbus Topping
0%
Whipped Cream (Big Top Carnival) Blue Raspberry Cream
0%
Mixable (Halloween) Bonfire Toffee
0%
Whipped Cream (Easter) Bubblegum Whip
0%
Sauce Topping (Volcano Gala) Buriti Topping
0%
Sauce Topping Butterscotch Topping
0%
Mixable (Thanksgiving) Candied Pecans
0%
Topping (Valentine's Day) Candy Heart
0%
Topping (Halloween) Candy Jack-O-Lantern
0%
Whipped Cream (Portallini Feast) Cannoli Cream
0%
Mixable Caramel Apple
0%
Syrup (Volcano Gala) Caramuri Syrup
0%
Syrup Chai Tea Syrup
0%
Sauce Topping (Starlight Jubilee) Cherrybomb Topping
0%
Syrup (Valentine's Day) Cherry Cheesecake Syrup
0%
Mixable Cherry Cordials
0%
Topping (Maple Mornings) Chocolate Bacon
0%
Whipped Cream Chocolate Mousse
0%
Mixable Cinnamon Roll
0%
Shaker (Maple Mornings) CinnaMunchies
0%
Syrup Citri-Shock Syrup
0%
Topping Cloudberry
0%
Topping (St. Paddy's Day) Clover Cookie
0%
Mixable (New Year) Confetti Pie-Tarts
0%
Shaker (New Year) Contdown Candies
0%
Topping Cotton Candy Creameo
0%
Syrup Cotton Candy Syrup
0%
Mixable (Easter) Cotton Puffs
0%
Topping Dipped Pretzel
0%
Mixable (Maple Mornings) Donut Pieces
0%
Syrup Dreamsicle Syrup
0%
Whipped Cream (Christmas) Eggnog Cream
0%
Syrup Espresso Syrup
0%
Mixable Fudge Brownie
0%
Mixable (St. Paddy's Day) Green Emerald Cake
0%
Topping (Thanksgiving) Haystack
0%
Topping Hazelnut Swizzle
0%
Shaker (Christmas) Holly Tartz
0%
Syrup Huckleberry Syrup
0%
Sauce Topping Key Lime Topping
0%
Shaker (Big Top Carnival) Lollipop Bits
0%
Sauce Topping (Valentine's Day) Love Potion Topping
0%
Sauce Topping Luau Punch Topping
0%
Sauce Topping Mango Topping
0%
Sauce Topping (Maple Mornings) Maple Topping
0%
Topping (Easter) Marshmallow Creep
0%
Whipped Cream Maui Merengue
0%
Topping (Christmas) Mini Candy Cane
0%
Topping Mint Bar
0%
Whipped Cream (Maple Mornings) Mocha Cream
0%
Syrup Moon Mist Syrup
0%
Mixable (Starlight Jubilee) Mulberry Medley
0%
Syrup Neapolitan Syrup
0%
Sauce Topping Pawpaw Topping
0%
Syrup Pink Lemonade Syrup
0%
Syrup (St. Paddy's Day) Pistachio Syrup
0%
Shaker (Portallini Feast) Portallini Confetti
0%
Sauce Topping (St. Paddy's Day) Pot O' Gold Topping
0%
Syrup (Starlight Jubilee) Powsicle Syrup
0%
Syrup (Thanksgiving) Pumpkin Pie Syrup
0%
Shaker (Volcano Gala) Pyroclastic Crunch
0%
Whipped Cream (New Year) Rainbow Whip
0%
Whipped Cream (Volcano Gala) Rainforest Whip
0%
Mixable Raspberry Crumble
0%
Syrup Red Velvet Syrup
0%
Whipped Cream (Valentine's Day) Rose Hip Whip
0%
Topping (Big Top Carnival) Saltwater Taffy
0%
Sauce Topping (Christmas) Santa's Cookie Topping
0%
Whipped Cream (Halloween) Scream Cream
0%
Shaker Shaved Coconut
0%
Shaker Shaved Mints
0%
Whipped Cream (Thanksgiving) Snickerdoodle Cream
0%
Shaker (Halloween) Spooky Sprinkles
0%
Syrup (Portallini Feast) Spumoni Syrup
0%
Whipped Cream Strawberry Fluff
0%
Topping Strawberry Wafer
0%
Mixable Stroopwafel
0%
Topping (Volcano Gala) Sugar Glass Leaf
0%
Sauce Topping Sugarplum Topping
0%
Syrup (Big Top Carnival) SuperFan Syrup
0%
Syrup (Halloween) Tiger Tail Syrup
0%
Shaker Tropical Charms
0%
Syrup Ube Syrup
0%
Topping Waffle Cone Wedge
0%
Sauce Topping White Chocolate Topping
0%
Topping White Chocolate Truffle
0%
Shaker Wildberry Derps
0%
Syrup (Easter) Wildberry Shake Syrup
0%
Syrup (Christmas) Wintergreen Frost Syrup
0%
No matching quizzes found
Score Distribution
Percent of People with Each Score
Percentile by Number Answered
Your Score History
You have not taken this quiz